000 01005nam a22003137a 4500
003 CHAP
005 20220329133013.0
008 971013s1988 r 00010 d
010 _a1169
011 _a2141
035 _a1332
040 _cCHAP
082 _a321.4
_bM3
100 0 0 _aMartínez Nateras, Arturo.
_972335
245 _aCuauhtémoc Cárdenas Solórzano
_b: La aurora de la democracia
260 _aMéxico, D. F. :
_bQuinto Sol,
_c1988
300 _a139 p.
500 _a40-168
590 _aBATCH-UPD
_b10
_c20130110
_lUCH01
_h1741
590 _aBATCH-UPD
_b10
_c20130410
_lUCH01
_h1120
590 _aBATCH-UPD
_b10
_c20130914
_lUCH01
_h0936
590 _aCONVERSION
_b10
_c20130109
_lUCH01
_h1302
650 1 4 _aCiencias políticas.
_923206
650 1 4 _aDemocracia.
_931740
901 _aBK
942 _cLIBRO
949 _a321.4 M3
_bBC
_cLIBRO
_d33724000310553
_eLIBRO
_gI. c/e
_h77751
_i1332
_si
_t9.00
949 _a321.4 M3
_bBC
_cLIBRO
_d33724000310637
_eLIBRO
_fc.2
_gI. c/e
_h77752
_i1332
_si
_t9.00
999 _c1169
_d1169